Globalizácia - novým rozmerom hospodárskej diplomacie
Analýza procesov svetového hospodárstva a úlohy hospodárskej diplomacie. Význam hospodárskych stratégií a úloha hospodárskej politiky. Úloha jednotlivých elementov globalizácie: expanzia technicko-technologických zmien, rýchlosť inovácií, meniaca sa úloha inštitucionálneho zázemia (oslabovanie pozíc...
Gespeichert in:
| 1. Verfasser: | |
|---|---|
| Format: | Buchkapitel |
| Sprache: | Slowakisch |
| Schlagworte: | |
| Tags: |
Keine Tags, Fügen Sie das erste Tag hinzu!
|
MARC
| LEADER | 00000naa$a2200000$$$4500 | ||
|---|---|---|---|
| 001 | 0046020 | ||
| 005 | 20240502071532.2 | ||
| 041 | 0 | |a slo | |
| 044 | |a SK | ||
| 245 | 1 | 0 | |a Globalizácia - novým rozmerom hospodárskej diplomacie |c Peter Baláž |
| 520 | |a Analýza procesov svetového hospodárstva a úlohy hospodárskej diplomacie. Význam hospodárskych stratégií a úloha hospodárskej politiky. Úloha jednotlivých elementov globalizácie: expanzia technicko-technologických zmien, rýchlosť inovácií, meniaca sa úloha inštitucionálneho zázemia (oslabovanie pozícií štátu). Potreba posilňovania hospodárskej diplomacie. | ||
| 610 | 2 | 0 | |a hospodárstvo svetové |
| 610 | 2 | 0 | |a diplomacia hospodárska |
| 610 | 2 | 0 | |a stratégia hospodárska |
| 610 | 2 | 0 | |a globalizácia hospodárstva |
| 610 | 2 | 0 | |a trh svetový |
| 610 | 2 | 0 | |a zmeny technologické |
| 610 | 2 | 0 | |a inovácia |
| 610 | 2 | 0 | |a konkurencieschopnosť |
| 100 | 1 | |a Baláž, Peter | |